|
|
|
|
| LEADER |
01024cam a2200277 7i4500 |
| 001 |
0000067232 |
| 005 |
20220316090000.0 |
| 020 |
|
|
|a 9781609134273 (electronic book)
|
| 090 |
0 |
0 |
|a QP34.5
|b .M97 2013
|
| 245 |
0 |
0 |
|a Medical physiology :
|b principles for clinical medicine
|c edited by Rodney A. Rhoades, David R. Bell.
|
| 250 |
|
|
|a Fourth edition.
|
| 264 |
|
|
|a Philadelphia:
|b Wolters Kluwer Health/Lippincott Williams & Wilkins,
|c 2013.
|
| 300 |
|
|
|a 1 online resource (xvi, 819 pages):
|b colour illustrations, text file, PDF.
|
| 336 |
|
|
|a text
|2 rdacontent
|
| 337 |
|
|
|a computer
|2 rdamedia
|
| 338 |
|
|
|a online resource
|2 rdacarrier
|
| 650 |
|
0 |
|a Human physiology
|
| 655 |
|
0 |
|a Electronic books
|
| 700 |
1 |
|
|a Rhoades, Rodney
|
| 700 |
1 |
|
|a Bell, David R.
|
| 856 |
4 |
2 |
|u http://library.unisel.edu.my/web/guest/mylibrary
|
| 997 |
|
|
|a Health Sciences, Faculty
|
| 998 |
|
|
|a Physiotherapy, Diploma
|
| 998 |
|
|
|a Nursing, Diploma
|
| 998 |
|
|
|a Medical Imaging, Diploma
|
| 999 |
|
|
|a EBO0011774
|b EBOOK
|c EBOOK
|e Electronic resources
|